000 01020nam a22002057a 4500
999 _c62756
_d62756
003 Ge_BSU
005 20250207171556.0
008 250207s2023 ge ||||| |||| 00| 0 geo d
020 _a19879563
041 _ageo
080 _a930.2(479.22) ქ-27
245 _aქართული წყაროთმცოდნეობა = Georgian Source-Studies :
_bXXV /
_cრედ. გ. ალასანია, მარიამ ჩხარტიშვილი, ზურაბ თარგამაძე.
264 _aთბილისი :
_b უნივერსალი,
_c2023.
300 _a280 გვ. ;
_b29 სმ.
653 _aქართული წყაროთმცოდნეობა
700 _aალასანია, გ.
_eრედაქრორი
_924277
700 _aჩხარტიშვილი, მარიამ
_eრედაქრორი
_913522
700 _aთარგამაძე, ზურაბ
_eრედაქრორი
_913523
942 _2udc
_cBK